We're Not Candy Lyrics - Statistics

General Stats
  • This quiz has been taken 15 times
  • The average score is 60 of 118
Answer Stats
Answer % Correct
we
100%
are
88%
doing
88%
Hey,
88%
out
88%
what
88%
A
75%
a
75%
and
75%
bottle?
75%
of
75%
the
75%
we
75%
We
75%
we're
75%
along,
63%
awful,
63%
be
63%
because
63%
candy!
63%
come
63%
could
63%
dangerous,
63%
dangerous,
63%
delirious, (delirious)
63%
Doctors
63%
eat
63%
even
63%
fear
63%
have
63%
He
63%
healthy
63%
is
63%
is
63%
is
63%
kid
63%
little
63%
make
63%
may
63%
medicine!
63%
might
63%
much
63%
No
63%
No
63%
No
63%
No
63%
No
63%
No
63%
Nooooo
63%
Nooooooo
63%
of
63%
of
63%
serious, (serious)
63%
should
63%
tell
63%
That
63%
the
63%
think
63%
This
63%
This
63%
Too
63%
us!
63%
us
63%
us, (fear of us)
63%
were
63%
would
63%
you
63%
You
63%
candy, (Believe us!)
50%
not
50%
We're
50%
And
38%
and
38%
candy,
38%
not
38%
not
38%
of
38%
pills
38%
Types
38%
we
38%
we
38%
we
38%
we're
38%
We're
38%
be, (we can be)
25%
but
25%
can
25%
carefully,
25%
come
25%
dandy,
25%
Even
25%
fine
25%
handy,
25%
harm
25%
If
25%
in
25%
know
25%
look
25%
need, (you will need)
25%
No
25%
No
25%
No
25%
no.
25%
Noooooooo
25%
Ohhhh
25%
sick
25%
so
25%
taken
25%
that
25%
that
25%
the
25%
they
25%
though
25%
When
25%
will
25%
you
25%
you're
25%
pharmacies, (pharmacies)
13%
No matching quizzes found
Score Distribution
Percent of People with Each Score
Percentile by Number Answered
Your Score History
You have not taken this quiz